01056nam a22002537a 4500999001900000005001700019010001300036020002300049035001300072037002800085082001400113100001800127245007000145260004500215300002500260500010400285500007900389500009900468700002000567710001900587710002300606942002800629952014500657 c176832d17683220210128114835.0 aB-129851 a0195667670c695.00 aB-129851 bOxford University Press a347.54017 aAgnes, Flavia aWomen and law in India :ban omnibus comprising /bycFlavia Agnes aNew DelhibOxford University Pressc2004 aVIII,V.P.c22CM (HB) aLaw and gender equality:the politics of women rights in India by Flavia Agnes. pg-xiv, 248.(Part 1) aHindu women and marrige law from sacrament to contract . pg- 177. (Part-3) aEnslaved Daughters Colonialism, law and women's rights by Sudhir Chandra. pg-xi. 249. (Part 2) aChandra, sudhir aBasu, Monmayee aEnslaved Daughters 2ddccENh347.54017mAGN 001040708NFICaLbLd2021-01-28l1m1o347.54017 AGNpB-129851r2025-07-14 00:00:00s2025-06-19w2021-01-28yENzLegal Case (Register 30)